Zkoušíme, jak změnit systém začleňování odsouzených do společnosti

Príklad zamestnávania odsúdených v telemarketingovej spoločnosti A-GIGA. Pilotný projekt Zmena je možná. Záujem odsúdených a motivácia pracovať. Projekt Sousedé 83 - pomoc prepusteným začať samostatný život na slobode.

Uložené v:
Podrobná bibliografia
Hlavný autor: Kazdová, Alena
Ďalší autori: Babišová, Věra
Médium: Kapitola
Jazyk:Czech
Predmet:
Tagy: Pridať tag
Žiadne tagy, Buďte prvý, kto otaguje tento záznam!

MARC

LEADER 00000naa a2200000 4500
001 0262613
005 20200225111403.1
041 0 |a cze 
044 |a CZ 
245 1 0 |a Zkoušíme, jak změnit systém začleňování odsouzených do společnosti  |c Alena Kazdová, Věra Babišová 
520 |a Príklad zamestnávania odsúdených v telemarketingovej spoločnosti A-GIGA. Pilotný projekt Zmena je možná. Záujem odsúdených a motivácia pracovať. Projekt Sousedé 83 - pomoc prepusteným začať samostatný život na slobode. 
610 2 0 |a práca 
610 2 0 |a motivácia pracovná 
610 2 0 |a činy trestné 
610 2 0 |a telemarketing 
610 2 0 |a pomoc sociálna 
610 2 0 |a Česko 
100 1 |a Kazdová, Alena 
700 1 |a Babišová, Věra